000 00196nam a2200097Ia 4500
008 190216s9999||||xx |||||||||||||| ||und||
100 _aKhadar Ua
245 0 _aAzham
260 _bNull
942 _cBK
999 _c24642
_d24642